000 00921nmm a2200277 a 4500
001 ocm000608232
003 TR-IsHL
005 20201028130116.0
008 130927s2003 tu tur
007 cr cn
020 _a9789758269945
035 _a608232
_b(N$T)
050 0 4 _aQA21
_b.D66 2003
090 0 4 _aQA21
_b.D66 2003
100 1 _aDönmez, Ali
245 1 0 _aMatematiğin öyküsü ve serüveni 5: Çin, Japon ve Maya matematiği
_h[electronic resource] /
_cAli Dönmez
250 _a1. bs.
260 _aİstanbul :
_bToplumsal Dönüşüm Yayınları,
_c2003
300 _a542 p.
650 4 _aMatematik ve İstatistik
650 4 _aMathematics and Statistics
650 0 _aMatematik
_x Tarih
650 0 _aMathematics
_x History
650 7 _aMATHEMATICS / History & Philosophy
_2bisacsh
856 4 0 _uhttp://search.ebscohost.com/login.aspx?direct=true&scope=site&db=e011xww&AN=608232
999 _c3846
_d3846